[Event "2. Bundesliga West 2011/12"]
[Site "Hohenems"]
[Date "2011.11.06"]
[Round "6"]
[Board "4"]
[White "Schmidlechner, Alexander"]
[Black "Pitschka, Claus"]
[Result "1-0"]
[WhiteElo "2273"]
[BlackElo "2235"]
[PlyCount "83"]
[EventDate "2011.10.07"]
[EventType "team"]
[EventRounds "11"]
[EventCountry "AUT"]
[WhiteTeam "Goetzis"]
[BlackTeam "Kufstein / Woergl 2"]

1. d4 d5 2. c4 c6 3. Nf3 Nf6 4. Nc3 a6 5. c5 Nbd7 6. Bf4 Nh5 7. e3 Nxf4 8. exf4
g6 9. Be2 Bg7 10. O-O O-O 11. Re1 Re8 12. b4 f6 13. Qb3 e5 14. dxe5 fxe5 15.
Nxd5 cxd5 16. Qxd5+ Kh8 17. Ng5 Re7 18. Nf7+ Rxf7 19. Qxf7 Qf8 20. Bc4 a5 21.
a3 Qxf7 22. Bxf7 Bf6 23. Rad1 axb4 24. axb4 Kg7 25. Bd5 Rb8 26. Bc4 Kf8 27. Bb5
Ke7 28. fxe5 Bg7 29. f4 Nf8 30. Kf2 Ne6 31. g3 Nc7 32. Bc4 Bg4 33. Be2 Bd7 34.
Rd6 Bc6 35. Bf3 Ne8 36. Rd2 Ra8 37. Red1 Ra4 38. Bxc6 bxc6 39. Rd7+ Kf8 40. Rb7
Ra2+ 41. Kf3 Rxh2 42. Rd8 1-0

[Event "2. Bundesliga West 2011/12"]
[Site "Hohenems"]
[Date "2011.11.06"]
[Round "6"]
[Board "5"]
[White "Englert, Jan"]
[Black "Kranz, Armin"]
[Result "0-1"]
[WhiteElo "2120"]
[BlackElo "2100"]
[PlyCount "116"]
[EventDate "2011.10.07"]
[EventType "team"]
[EventRounds "11"]
[EventCountry "AUT"]
[WhiteTeam "Kufstein / Woergl 2"]
[BlackTeam "Goetzis"]

1. e4 e5 2. Nf3 Nf6 3. d3 Nc6 4. Be2 Bc5 5. O-O d6 6. c3 Bg4 7. Nbd2 O-O 8. b4
Bb6 9. Nc4 Ne7 10. Ne3 Bd7 11. Qc2 c6 12. Rd1 Bc7 13. Bf1 Qc8 14. Nc4 b5 15.
Ne3 d5 16. a3 Ng6 17. Re1 Re8 18. Ra2 a5 19. Rb2 Bd6 20. g3 h6 21. Bg2 Be6 22.
Nd2 axb4 23. axb4 Ra4 24. Nf3 Bf8 25. Nd2 Rd8 26. Nf3 d4 27. Nf1 c5 28. cxd4
cxd4 29. Qb1 Qa6 30. Bd2 Ra8 31. Qc2 Rc8 32. Qb1 Nd7 33. Rc1 Ra8 34. Qc2 Nb6
35. h4 Rc8 36. Qd1 Bd6 37. Rxc8+ Qxc8 38. Kh2 Ra3 39. Qb1 Na4 40. Rc2 Nc3 41.
Qc1 Rb3 42. Rb2 Rxb2 43. Qxb2 Nd1 44. Qb1 Nxf2 45. Kg1 Ng4 46. Bh3 Ne7 47. Ne1
Nc6 48. Nc2 Qa6 49. Qb2 Qa4 50. Nh2 h5 51. Nf3 Bb3 52. Nfe1 Bxb4 53. Bxb4 Nxb4
54. Bxg4 hxg4 55. Nxb4 Qxb4 56. Kf2 Qc3 57. Qa3 Qd2+ 58. Kf1 Bd1 0-1

[Event "2. Bundesliga West 2011/12"]
[Site "Hohenems"]
[Date "2011.11.06"]
[Round "6"]
[Board "6"]
[White "Kessler, Michaela"]
[Black "Kranewitter, Norbert"]
[Result "0-1"]
[WhiteElo "2000"]
[BlackElo "2097"]
[PlyCount "116"]
[EventDate "2011.10.07"]
[EventType "team"]
[EventRounds "11"]
[EventCountry "AUT"]
[WhiteTeam "Goetzis"]
[BlackTeam "Kufstein / Woergl 2"]

1. e4 c6 2. Nc3 d5 3. Nf3 Bg4 4. h3 Bxf3 5. Qxf3 Nf6 6. g3 e6 7. Bg2 Nbd7 8. d4
Bb4 9. e5 Ne4 10. O-O Nxc3 11. bxc3 Be7 12. Qg4 g6 13. f4 Qc7 14. Qe2 h5 15. a4
O-O-O 16. a5 Nb8 17. c4 Bb4 18. Ra4 Bxa5 19. Ba3 Bb6 20. c5 Ba5 21. Rb1 b5 22.
cxb6 Bxb6 23. Bd6 Rxd6 24. exd6 Qxd6 25. c3 h4 26. Qe5 Qxe5 27. fxe5 hxg3 28.
Rf1 Rh7 29. Rf3 Nd7 30. Kf1 Kd8 31. Ke2 Ke7 32. Rxg3 Rh4 33. Bf3 Nxe5 34. Rb4
Nd7 35. Rb1 Bc7 36. Rg4 Rxh3 37. c4 Rh8 38. Rb7 Bb8 39. Ke3 Kd8 40. Rg1 Kc8 41.
Rgb1 f5 42. Be2 f4+ 43. Kd2 Rh2 44. Ke1 Rh1+ 45. Bf1 dxc4 46. Rxd7 Kxd7 47.
Rxb8 a5 48. Ra8 Kd6 49. Rxa5 Rh5 50. Ra4 c3 51. Rc4 c5 52. Bd3 cxd4 53. Rxd4+
Rd5 54. Rxd5+ Kxd5 55. Bxg6 Kd4 56. Ke2 e5 57. Kf3 Kc4 58. Bc2 Kb4 0-1

[Event "2. Bundesliga West 2011/12"]
[Site "Kufstein"]
[Date "2012.01.28"]
[Round "7"]
[Board "1"]
[White "Dovzik, Juri"]
[Black "Platzgummer, Fabian"]
[Result "1-0"]
[WhiteElo "2341"]
[BlackElo "2304"]
[PlyCount "65"]
[EventDate "2011.10.07"]
[EventType "team"]
[EventRounds "11"]
[EventCountry "AUT"]
[WhiteTeam "ATSV Ranshofen"]
[BlackTeam "Zillertal"]

1. c4 Nf6 2. d4 d5 3. Nf3 e6 4. e3 a6 5. Nc3 c5 6. dxc5 Bxc5 7. a3 O-O 8. b4
Bd6 9. Bb2 Nc6 10. cxd5 exd5 11. Be2 Bg4 12. h3 Bh5 13. O-O Bc7 14. Nd4 Bxe2
15. Ncxe2 Ne5 16. Nf5 g6 17. Nh6+ Kg7 18. Ng4 Nfxg4 19. hxg4 Kg8 20. Nf4 Qh4
21. g3 Qxg4 22. Nxd5 Qh3 23. Rc1 Bb8 24. Nf6+ Kg7 25. Ng4 f6 26. Nxe5 Bxe5 27.
Bxe5 fxe5 28. Rc7+ Kh6 29. Qd5 e4 30. Qxb7 Qf5 31. Rxh7+ Kg5 32. Qe7+ Rf6 33.
Rh4 1-0

[Event "2. Bundesliga West 2011/12"]
[Site "Kufstein"]
[Date "2012.01.28"]
[Round "7"]
[Board "2"]
[White "Lanka, Zigurds"]
[Black "Ager, Josef"]
[Result "1-0"]
[WhiteElo "2442"]
[BlackElo "2195"]
[PlyCount "69"]
[EventDate "2011.10.07"]
[EventType "team"]
[EventRounds "11"]
[EventCountry "AUT"]
[WhiteTeam "Zillertal"]
[BlackTeam "ATSV Ranshofen"]

1. e4 e5 2. Nf3 Nc6 3. Bb5 a6 4. Ba4 Nf6 5. O-O Be7 6. Re1 b5 7. Bb3 d6 8. c3
O-O 9. h3 Bb7 10. d3 Re8 11. Nbd2 Bf8 12. Nf1 Nb8 13. Ng5 Re7 14. f4 h6 15. Nf3
Nbd7 16. Ng3 Nc5 17. Bc2 Re8 18. Rf1 a5 19. fxe5 dxe5 20. Nf5 Kh7 21. Be3 a4
22. Qd2 Ng8 23. Rad1 g6 24. Ng3 Qe7 25. Nxe5 f6 26. Bxc5 Qxc5+ 27. d4 Qd6 28.
Nxg6 Qxg3 29. e5 Kg7 30. Rf4 h5 31. Rdf1 Ra6 32. Bb1 Bd5 33. Nh4 Nh6 34. Rxf6
Rxf6 35. Rxf6 1-0

[Event "2. Bundesliga West 2011/12"]
[Site "Kufstein"]
[Date "2012.01.28"]
[Round "7"]
[Board "3"]
[White "Riediger, Martin"]
[Black "Hausner, Ivan"]
[Result "0-1"]
[WhiteElo "2232"]
[BlackElo "2405"]
[PlyCount "146"]
[EventDate "2011.10.07"]
[EventType "team"]
[EventRounds "11"]
[EventCountry "AUT"]
[WhiteTeam "ATSV Ranshofen"]
[BlackTeam "Zillertal"]

1. c4 b6 2. Nc3 Bb7 3. e4 e6 4. g3 c5 5. Bg2 Nc6 6. Nge2 a6 7. O-O Nge7 8. a3
Rc8 9. d3 g6 10. b4 Bg7 11. bxc5 bxc5 12. Rb1 Rb8 13. Na4 d6 14. Bb2 Nd4 15.
Nxd4 cxd4 16. Bc1 O-O 17. Bg5 f6 18. Bd2 Qc7 19. Qc2 Bc6 20. Rb4 a5 21. Rbb1
Rfc8 22. Rfc1 Bf8 23. Nb2 Bd7 24. Nd1 Qc5 25. Bf1 Nc6 26. Qa2 Qh5 27. f4 Qc5
28. Nf2 Kf7 29. Be2 Be7 30. Bd1 Nd8 31. Rxb8 Rxb8 32. Ra1 Rb7 33. Bc1 Qc7 34.
Rb1 Rxb1 35. Qxb1 Nb7 36. Qb2 e5 37. Bd2 Nc5 38. Kf1 Bd8 39. Qb1 Qc8 40. Kg2
Bc6 41. Kg1 Bc7 42. g4 Qg8 43. Bf3 Ke7 44. Bg2 Qe8 45. Qd1 Kd8 46. f5 g5 47.
Kf1 Ba4 48. Qb1 Bb3 49. Bf3 Qa4 50. Qb2 Kd7 51. h4 h6 52. Ke2 Kc6 53. hxg5 hxg5
54. Ke1 Bb6 55. Ke2 Bc2 56. Bc1 Bxd3+ 57. Nxd3 Qxc4 58. Qd2 Nxd3 59. Qxd3 Qxc1
60. Qb3 Bc5 61. a4 Bb4 62. Kd3 Kb6 63. Qd1 Qc3+ 64. Ke2 Qe3+ 65. Kf1 d3 66. Kg2
d5 67. Qb3 dxe4 68. Qe6+ Kc5 69. Qc8+ Kd4 70. Qd7+ Kc3 71. Qc6+ Bc5 72. Qxe4
Qxe4 73. Bxe4 d2 0-1

[Event "2. Bundesliga West 2011/12"]
[Site "Kufstein"]
[Date "2012.01.28"]
[Round "7"]
[Board "4"]
[White "Kleissl, Helmut"]
[Black "Knechtel, Roland"]
[Result "1-0"]
[WhiteElo "2306"]
[BlackElo "2222"]
[PlyCount "73"]
[EventDate "2011.10.07"]
[EventType "team"]
[EventRounds "11"]
[EventCountry "AUT"]
[WhiteTeam "Zillertal"]
[BlackTeam "ATSV Ranshofen"]

1. c4 g6 2. g3 Bg7 3. Bg2 e5 4. Nc3 d6 5. e4 c6 6. Nge2 Be6 7. d3 f5 8. O-O Nf6
9. exf5 gxf5 10. h3 O-O 11. f4 e4 12. Be3 Qd7 13. Kh2 d5 14. cxd5 cxd5 15. Nd4
Bf7 16. Qe2 Nc6 17. Nxc6 bxc6 18. Bc5 Rfd8 19. dxe4 dxe4 20. Rad1 Qb7 21. g4
Nd5 22. Nxd5 cxd5 23. Bd4 Bxd4 24. Rxd4 Rab8 25. b3 Rd6 26. gxf5 Rc6 27. Rg1
Kf8 28. Ra4 Qc7 29. Qg4 Rc2 30. Qh4 Rb6 31. Kh1 h5 32. Bf1 e3 33. Bd3 Rd2 34.
Rd4 Qc5 35. Qd8+ Be8 36. f6 Qd6 37. Rg8+ 1-0

[Event "2. Bundesliga West 2011/12"]
[Site "Kufstein"]
[Date "2012.01.28"]
[Round "7"]
[Board "5"]
[White "Spiesberger, Gerhard"]
[Black "Tabernig, Bernhard"]
[Result "0-1"]
[WhiteElo "2140"]
[BlackElo "2317"]
[PlyCount "85"]
[EventDate "2011.10.07"]
[EventType "team"]
[EventRounds "11"]
[EventCountry "AUT"]
[WhiteTeam "ATSV Ranshofen"]
[BlackTeam "Zillertal"]

1. e4 e6 2. d4 d5 3. exd5 exd5 4. Bd3 Nc6 5. c3 Bd6 6. Nf3 Bg4 7. O-O Nge7 8.
Re1 Qd7 9. Nbd2 O-O-O 10. b4 Rde8 11. Qa4 Kb8 12. Ba3 Nxd4 13. Qxd7 Nxf3+ 14.
Nxf3 Bxd7 15. Ng5 Ref8 16. Nxh7 Rxh7 17. Bxh7 g6 18. c4 dxc4 19. Rad1 Nf5 20.
Bb2 Ba4 21. a3 Bxd1 22. Rxd1 Re8 23. Kf1 b5 24. g3 Kb7 25. h4 Be5 26. Bxe5 Rxe5
27. h5 gxh5 28. f4 Rd5 29. Rxd5 Ne3+ 30. Ke2 Nxd5 31. Bg8 Nf6 32. Bxf7 c5 33.
Ke3 Kc6 34. f5 Kd6 35. Kf4 c3 36. bxc5+ Kxc5 37. Bb3 Kd4 38. Kg5 Ke5 39. Kg6 a5
40. Bc2 a4 41. Kg5 Ne4+ 42. Kg6 Kd4 43. Bxa4 0-1

[Event "2. Bundesliga West 2011/12"]
[Site "Kufstein"]
[Date "2012.01.28"]
[Round "7"]
[Board "6"]
[White "Schiestl, Josef"]
[Black "Fruehauf, Norbert"]
[Result "1/2-1/2"]
[WhiteElo "2135"]
[BlackElo "2049"]
[PlyCount "61"]
[EventDate "2011.10.07"]
[EventType "team"]
[EventRounds "11"]
[EventCountry "AUT"]
[WhiteTeam "Zillertal"]
[BlackTeam "ATSV Ranshofen"]

1. e4 d5 2. exd5 Qxd5 3. Nc3 Qd6 4. d4 Nf6 5. Nf3 c6 6. Ne5 Nbd7 7. Nc4 Qc7 8.
Qf3 Nb6 9. h3 Nxc4 10. Bxc4 e6 11. Bf4 Bd6 12. Bxd6 Qxd6 13. O-O-O O-O 14. Ne4
Nxe4 15. Qxe4 b6 16. Rhe1 a5 17. f4 Ba6 18. Bxa6 Rxa6 19. Re3 Ra7 20. Rdd3 Rd7
21. Qe5 Rfd8 22. a3 Qxe5 23. dxe5 Kf8 24. Rxd7 Rxd7 25. Rc3 Rc7 26. Kd2 Ke7 27.
Ke3 Rc8 28. Rb3 Rb8 29. Rd3 Rd8 30. Rxd8 Kxd8 31. Kd4 1/2-1/2

[Event "2. Bundesliga West 2011/12"]
[Site "Kufstein"]
[Date "2012.01.28"]
[Round "7"]
[Board "1"]
[White "Hecht, Hans-Joachim"]
[Black "Schmidt, Georg"]
[Result "1-0"]
[WhiteElo "2383"]
[BlackElo "2368"]
[PlyCount "93"]
[EventDate "2011.10.07"]
[EventType "team"]
[EventRounds "11"]
[EventCountry "AUT"]
[WhiteTeam "Schwarzach"]
[BlackTeam "Rochade Rum"]

1. d4 Nf6 2. c4 e6 3. Nc3 Bb4 4. e3 b6 5. Nge2 Ne4 6. Qc2 Bb7 7. a3 Bxc3+ 8.
Nxc3 Nxc3 9. Qxc3 O-O 10. b4 a5 11. b5 d6 12. Bb2 Qh4 13. c5 Bd5 14. c6 a4 15.
h3 Re8 16. Qd2 Qh5 17. Bc3 Nxc6 18. bxc6 Bxc6 19. f3 Bb5 20. Bxb5 Qxb5 21. Kf2
f5 22. Rab1 Qd5 23. Rhe1 Rab8 24. Kg1 Qc6 25. Rbc1 Qd7 26. Bb2 c5 27. dxc5 bxc5
28. Red1 Red8 29. Ba1 Qc6 30. Rb1 h6 31. Qc3 e5 32. Qc4+ Kh8 33. Rxb8 Rxb8 34.
Qe6 Qc7 35. f4 exf4 36. Qxh6+ Kg8 37. Qxf4 Rb3 38. Qxf5 Rxe3 39. Qd5+ Kh8 40.
Qa8+ Kh7 41. Qxa4 Qe7 42. Qc2+ Kh8 43. Bc3 Qe6 44. Qb2 Qg6 45. a4 Kh7 46. Bxg7
Qe4 47. Bf8 1-0

[Event "2. Bundesliga West 2011/12"]
[Site "Kufstein"]
[Date "2012.01.28"]
[Round "7"]
[Board "2"]
[White "Panteleev, Petar"]
[Black "Ljubic, Juro"]
[Result "1-0"]
[WhiteElo "2347"]
[BlackElo "2190"]
[PlyCount "95"]
[EventDate "2011.10.07"]
[EventType "team"]
[EventRounds "11"]
[EventCountry "AUT"]
[WhiteTeam "Rochade Rum"]
[BlackTeam "Schwarzach"]

1. c4 Nf6 2. d4 e6 3. g3 Bb4+ 4. Bd2 Qe7 5. Bg2 Nc6 6. Nf3 Bxd2+ 7. Nbxd2 d6 8.
O-O O-O 9. e4 e5 10. d5 Nb8 11. Ne1 a5 12. f4 Ng4 13. Qe2 exf4 14. gxf4 f5 15.
h3 Nh6 16. e5 Bd7 17. Ndf3 Na6 18. Nd3 b6 19. Qd2 Rad8 20. Qc3 Rc8 21. Rae1 Kh8
22. Re2 c6 23. Qd4 cxd5 24. cxd5 Bb5 25. Rfe1 Bxd3 26. Qxd3 Nb4 27. Qb3 dxe5
28. Nxe5 Qh4 29. Rf1 Qh5 30. Rd2 Nf7 31. d6 Nxe5 32. fxe5 Qg5 33. Re2 Rc1 34.
Qe3 Rxf1+ 35. Kxf1 f4 36. Qf3 Qf5 37. Qe4 Qe6 38. Kg1 Na6 39. Qd5 Qg6 40. Qe4
Qe6 41. Rf2 Nc5 42. Rxf4 Re8 43. Qf5 g6 44. Qxe6 Rxe6 45. Rf7 Kg8 46. Rc7 Kf8
47. Rc8+ Kg7 48. Rxc5 1-0

[Event "2. Bundesliga West 2011/12"]
[Site "Kufstein"]
[Date "2012.01.28"]
[Round "7"]
[Board "3"]
[White "Stoeckl, Norbert"]
[Black "Gatterer, Florian"]
[Result "0-1"]
[WhiteElo "2057"]
[BlackElo "2274"]
[PlyCount "116"]
[EventDate "2011.10.07"]
[EventType "team"]
[EventRounds "11"]
[EventCountry "AUT"]
[WhiteTeam "Schwarzach"]
[BlackTeam "Rochade Rum"]

1. e4 d5 2. exd5 Qxd5 3. Nc3 Qd6 4. d4 Nf6 5. Bc4 a6 6. Bg5 Qc6 7. Bf1 Bg4 8.
f3 Bf5 9. Bd3 Bg6 10. Nge2 Nbd7 11. Nf4 Qb6 12. Nxg6 hxg6 13. Ne2 O-O-O 14. c3
e5 15. Qb3 exd4 16. Nxd4 Bd6 17. Qxb6 Nxb6 18. O-O-O Bxh2 19. Kc2 c5 20. Ne2 c4
21. Be4 Rxd1 22. Kxd1 Nxe4 23. fxe4 Rh5 24. Be3 Bc7 25. Rf1 f6 26. Bd4 Nd7 27.
Nf4 Bxf4 28. Rxf4 Rg5 29. Rf2 Ra5 30. a3 Kd8 31. Ke2 Ke7 32. Ke3 Ke6 33. g4 Rb5
34. Rg2 g5 35. Rh2 Nf8 36. Ba7 Ng6 37. Bb8 Rc5 38. Rd2 Rc6 39. Rd5 Rb6 40. Rd2
Ne5 41. Bxe5 Kxe5 42. Rd4 Rxb2 43. Rxc4 Rh2 44. Rc5+ Kd6 45. Rc8 Ra2 46. Kd4
Rxa3 47. Rg8 Ra4+ 48. Kd3 Ra1 49. Rxg7 Rb1 50. Rf7 Ke5 51. Re7+ Kd6 52. Rf7 Ke6
53. Rh7 a5 54. Rh2 Rb6 55. Ra2 Ra6 56. c4 a4 57. Ra3 Ke5 58. Ke3 b6 0-1

[Event "2. Bundesliga West 2011/12"]
[Site "Kufstein"]
[Date "2012.01.28"]
[Round "7"]
[Board "4"]
[White "Eybl, Alexander"]
[Black "Klinger, Josef Sen."]
[Result "1/2-1/2"]
[WhiteElo "2275"]
[BlackElo "1981"]
[PlyCount "100"]
[EventDate "2011.10.07"]
[EventType "team"]
[EventRounds "11"]
[EventCountry "AUT"]
[WhiteTeam "Rochade Rum"]
[BlackTeam "Schwarzach"]

1. Nf3 d6 2. d4 g6 3. g3 Nh6 4. Bg2 c6 5. c3 f6 6. e4 e5 7. O-O Bg7 8. Nbd2 Nf7
9. Re1 Na6 10. b4 Nc7 11. Bb2 c5 12. bxc5 dxc5 13. a4 O-O 14. Ba3 Na6 15. Nb3
b6 16. dxc5 Qxd1 17. Rexd1 Be6 18. Nfd2 Rfc8 19. Bf1 Nxc5 20. Nxc5 bxc5 21. Bc4
Nd8 22. Bxe6+ Nxe6 23. Nc4 Rc7 24. h4 Bf8 25. Rab1 Kf7 26. Kf1 Rd8 27. Ke2 Ke8
28. f3 Rxd1 29. Kxd1 Kd7 30. Ke2 Ke8 31. Rb8+ Kd7 32. Ne3 Nd8 33. Kd3 Rb7 34.
Rxb7+ Nxb7 35. Nc4 Kc6 36. Bc1 Bd6 37. Be3 Bc7 38. Bf2 Bb8 39. g4 Bc7 40. h5
Nd8 41. Bh4 g5 42. Bg3 h6 43. Ne3 Nf7 44. Nf5 a6 45. Bf2 Bd6 46. Be3 Bf8 47.
Kc4 Nd6+ 48. Nxd6 Bxd6 49. Bf2 Be7 50. Be3 Bf8 1/2-1/2

[Event "2. Bundesliga West 2011/12"]
[Site "Kufstein"]
[Date "2012.01.28"]
[Round "7"]
[Board "5"]
[White "Huber, Josef"]
[Black "Hengl, Christian"]
[Result "0-1"]
[WhiteElo "1894"]
[BlackElo "2240"]
[PlyCount "52"]
[EventDate "2011.10.07"]
[EventType "team"]
[EventRounds "11"]
[EventCountry "AUT"]
[WhiteTeam "Schwarzach"]
[BlackTeam "Rochade Rum"]

1. d4 Nf6 2. e3 c6 3. Nf3 d5 4. Bd3 g6 5. Nbd2 Bg7 6. b3 O-O 7. Bb2 Re8 8. O-O
Nbd7 9. c4 e5 10. Nxe5 Nxe5 11. dxe5 Ng4 12. Nf3 Nxe5 13. Nxe5 Bxe5 14. Bxe5
Rxe5 15. Qf3 Qh4 16. cxd5 Rxd5 17. Bc4 Rf5 18. Qg3 Qe7 19. Rad1 Rg5 20. Qd6
Qxd6 21. Rxd6 Bh3 22. Rfd1 Rxg2+ 23. Kf1 Rxh2+ 24. Ke1 Kg7 25. R1d4 g5 26. f4
Re8 0-1

[Event "2. Bundesliga West 2011/12"]
[Site "Kufstein"]
[Date "2012.01.28"]
[Round "7"]
[Board "6"]
[White "Jedinger, Andreas"]
[Black "Rauchenbacher, Robert"]
[Result "1-0"]
[WhiteElo "2191"]
[BlackElo "1894"]
[PlyCount "47"]
[EventDate "2011.10.07"]
[EventType "team"]
[EventRounds "11"]
[EventCountry "AUT"]
[WhiteTeam "Rochade Rum"]
[BlackTeam "Schwarzach"]

1. e4 d6 2. d4 g6 3. Nc3 Bg7 4. h3 Nd7 5. Be3 Ngf6 6. g4 h5 7. g5 Nh7 8. Qd2 c6
9. f4 Nb6 10. d5 c5 11. Nf3 Bd7 12. e5 O-O 13. O-O-O Na4 14. Nxa4 Bxa4 15. b3
Bd7 16. Bd3 b5 17. e6 fxe6 18. Bxg6 Be8 19. Be4 c4 20. Nd4 Rc8 21. Nxe6 c3 22.
Qd3 Qa5 23. Bxh7+ Kh8 24. Kb1 1-0

[Event "2. Bundesliga West 2011/12"]
[Site "Kufstein"]
[Date "2012.01.28"]
[Round "7"]
[Board "1"]
[White "Deglmann, Ludwig"]
[Black "Luther, Thomas"]
[Result "0-1"]
[WhiteElo "2324"]
[BlackElo "2524"]
[PlyCount "46"]
[EventDate "2011.10.07"]
[EventType "team"]
[EventRounds "11"]
[EventCountry "AUT"]
[WhiteTeam "Sparkasse Jenbach 2"]
[BlackTeam "SC Absam"]

1. c4 e6 2. d4 d5 3. Nc3 Be7 4. cxd5 exd5 5. Bf4 c6 6. e3 Bf5 7. g4 Bg6 8. h4
h6 9. h5 Bh7 10. Bd3 Bxd3 11. Qxd3 Bd6 12. Nge2 Ne7 13. O-O-O Na6 14. e4 Bxf4+
15. Nxf4 Nb4 16. Qe3 dxe4 17. Qxe4 O-O 18. g5 Ned5 19. gxh6 Qg5 20. hxg7 Rfe8
21. h6 Rxe4 22. h7+ Kxg7 23. Rdg1 Re1+ 0-1

[Event "2. Bundesliga West 2011/12"]
[Site "Kufstein"]
[Date "2012.01.28"]
[Round "7"]
[Board "2"]
[White "Rotstein, Arkadij"]
[Black "Reich, Thomas"]
[Result "1/2-1/2"]
[WhiteElo "2502"]
[BlackElo "2388"]
[PlyCount "80"]
[EventDate "2011.10.07"]
[EventType "team"]
[EventRounds "11"]
[EventCountry "AUT"]
[WhiteTeam "SC Absam"]
[BlackTeam "Sparkasse Jenbach 2"]

1. g3 Nf6 2. Bg2 g6 3. e4 d6 4. d4 Bg7 5. Ne2 O-O 6. O-O e5 7. Nbc3 Nc6 8. dxe5
dxe5 9. Nd5 Nxd5 10. exd5 Ne7 11. c4 Bg4 12. h3 Bxe2 13. Qxe2 Nf5 14. c5 b6 15.
b4 a5 16. cxb6 cxb6 17. bxa5 Rxa5 18. Bb2 Re8 19. Rfe1 Nd6 20. Bc3 e4 21. Bxa5
Bxa1 22. Bxb6 Qxb6 23. Rxa1 e3 24. fxe3 Rxe3 25. Qf2 h5 26. Rf1 Qd4 27. Kh2 Nf5
28. Qf4 Qxf4 29. Rxf4 Re2 30. Kg1 Rxa2 31. g4 hxg4 32. hxg4 Ne3 33. Bf3 Rd2 34.
Re4 Nd1 35. g5 Kf8 36. Rb4 Ne3 37. Rb8+ Ke7 38. Rb7+ Ke8 39. Rb8+ Ke7 40. Rb7+
Ke8 1/2-1/2

[Event "2. Bundesliga West 2011/12"]
[Site "Kufstein"]
[Date "2012.01.28"]
[Round "7"]
[Board "3"]
[White "Micheli, Carlo"]
[Black "Dizdar, Goran"]
[Result "1-0"]
[WhiteElo "2268"]
[BlackElo "2495"]
[PlyCount "77"]
[EventDate "2011.10.07"]
[EventType "team"]
[EventRounds "11"]
[EventCountry "AUT"]
[WhiteTeam "Sparkasse Jenbach 2"]
[BlackTeam "SC Absam"]

1. c4 b6 2. Nc3 e6 3. e4 Bb7 4. Nge2 Nf6 5. Qc2 c5 6. g3 Nxe4 7. Nxe4 f5 8. d3
fxe4 9. dxe4 Nc6 10. Bg2 Be7 11. Be3 Bf6 12. Rd1 Qe7 13. O-O O-O 14. f4 d6 15.
Rd2 Rad8 16. Bf2 g5 17. Qd1 gxf4 18. gxf4 Kh8 19. Ng3 Rg8 20. Kh1 Bd4 21. Qh5
Rdf8 22. Bxd4+ Nxd4 23. f5 Qg7 24. Rdf2 Rf6 25. fxe6 Rh6 26. Nf5 Rxh5 27. Nxg7
Re5 28. Rf7 Bc6 29. Nf5 Nxf5 30. R1xf5 Bxe4 31. Bxe4 Rxe4 32. e7 Re1+ 33. Rf1
Re2 34. h3 Re3 35. Kh2 h5 36. R1f5 Re2+ 37. Rf2 Re3 38. Rg2 Re4 39. Rf8 1-0

[Event "2. Bundesliga West 2011/12"]
[Site "Kufstein"]
[Date "2012.01.28"]
[Round "7"]
[Board "4"]
[White "Wegerle, Joerg"]
[Black "Hoellrigl, Wilfried"]
[Result "1/2-1/2"]
[WhiteElo "2450"]
[BlackElo "2186"]
[PlyCount "60"]
[EventDate "2011.10.07"]
[EventType "team"]
[EventRounds "11"]
[EventCountry "AUT"]
[WhiteTeam "SC Absam"]
[BlackTeam "Sparkasse Jenbach 2"]

1. d4 Nf6 2. Bg5 g6 3. Bxf6 exf6 4. e3 Bg7 5. c4 d6 6. Nc3 O-O 7. Bd3 f5 8.
Nge2 Nd7 9. Qd2 Nf6 10. Nf4 c6 11. O-O Qe7 12. f3 Bd7 13. Rae1 Rae8 14. b4 Qd8
15. Bc2 Qc7 16. a3 a5 17. Kh1 axb4 18. axb4 Ra8 19. Ra1 Rfe8 20. c5 dxc5 21.
bxc5 b5 22. cxb6 Qxb6 23. Rxa8 Rxa8 24. Na4 Qa5 25. Qxa5 Rxa5 26. Bb3 Bf8 27.
Nd3 Be6 28. Bxe6 fxe6 29. Nac5 Bxc5 30. Nxc5 e5 1/2-1/2

[Event "2. Bundesliga West 2011/12"]
[Site "Kufstein"]
[Date "2012.01.28"]
[Round "7"]
[Board "5"]
[White "Heinrich, Thomas"]
[Black "Pilz, Dieter"]
[Result "1/2-1/2"]
[WhiteElo "2115"]
[BlackElo "2330"]
[PlyCount "159"]
[EventDate "2011.10.07"]
[EventType "team"]
[EventRounds "11"]
[EventCountry "AUT"]
[WhiteTeam "Sparkasse Jenbach 2"]
[BlackTeam "SC Absam"]

1. e4 e5 2. Nf3 Nc6 3. Bb5 Nf6 4. O-O Be7 5. Re1 d6 6. d4 exd4 7. Nxd4 Bd7 8.
Nc3 O-O 9. Bf4 Re8 10. Nxc6 bxc6 11. Bc4 Bf8 12. Bg5 Re5 13. f4 Rxg5 14. fxg5
Ng4 15. Qd2 d5 16. h3 Bc5+ 17. Kh1 Nf2+ 18. Kh2 dxc4 19. Na4 Nxe4 20. Rxe4 Bd6+
21. Kh1 Be6 22. Rae1 Qd7 23. Qe3 Rf8 24. Nc5 Bxc5 25. Qxc5 g6 26. Kg1 Bd5 27.
Re5 a6 28. Qe7 Qc8 29. Qf6 Be6 30. Rd1 Bd5 31. Rde1 Be6 32. Rd1 Bd5 33. Re7 a5
34. Rde1 a4 35. Qe5 Be6 36. Qc3 Bd5 37. Qe5 Be6 38. a3 Qd8 39. Rxc7 Qd2 40. Qc3
Qd6 41. Ra7 Qc5+ 42. Qe3 Qxe3+ 43. Rxe3 Rb8 44. Rxa4 Rxb2 45. Rc3 Rb5 46. h4 h6
47. gxh6 Kh7 48. Ra8 Kxh6 49. a4 Rb1+ 50. Kf2 Ra1 51. a5 Bd5 52. a6 Kg7 53. g4
Be6 54. g5 Bd5 55. Ke3 c5 56. Ra7 Be6 57. Kf4 Bc8 58. Rxc4 Bxa6 59. Rxc5 Rf1+
60. Ke5 Be2 61. Rc8 Bg4 62. Rb8 Rf5+ 63. Kd6 Bf3 64. Re7 Rd5+ 65. Kc7 Rc5+ 66.
Kb6 Rxc2 67. Ree8 Rb2+ 68. Kc5 Rxb8 69. Rxb8 Bg4 70. Kd6 Be6 71. Ke5 Bc4 72.
Rb6 Be2 73. Rf6 Bc4 74. Kd6 Bb3 75. Ke7 Bc4 76. Rf4 Bb3 77. Rf2 Bd5 78. Rh2 Bf3
79. Kd6 Bd1 80. Ke5 1/2-1/2

[Event "2. Bundesliga West 2011/12"]
[Site "Kufstein"]
[Date "2012.01.28"]
[Round "7"]
[Board "6"]
[White "De Francesco, Klaus"]
[Black "Schnegg, Anna-Lena"]
[Result "1-0"]
[WhiteElo "2307"]
[BlackElo "2017"]
[PlyCount "31"]
[EventDate "2011.10.07"]
[EventType "team"]
[EventRounds "11"]
[EventCountry "AUT"]
[WhiteTeam "SC Absam"]
[BlackTeam "Sparkasse Jenbach 2"]

1. d4 d5 2. c4 e6 3. Nc3 Be7 4. Nf3 Nf6 5. e3 O-O 6. b3 Nbd7 7. Bd3 c5 8. O-O
b6 9. Bb2 Bb7 10. Qe2 Re8 11. Ne5 Bd6 12. f4 Ne4 13. Rad1 f6 14. Nxd7 Qxd7 15.
Bxe4 dxe4 16. dxc5 1-0

[Event "2. Bundesliga West 2011/12"]
[Site "Kufstein"]
[Date "2012.01.28"]
[Round "7"]
[Board "1"]
[White "Froewis, Georg"]
[Black "Bayer, Bernhard"]
[Result "0-1"]
[WhiteElo "2424"]
[BlackElo "2434"]
[PlyCount "84"]
[EventDate "2011.10.07"]
[EventType "team"]
[EventRounds "11"]
[EventCountry "AUT"]
[WhiteTeam "Hohenems 2"]
[BlackTeam "Schwaz"]

1. Nf3 Nf6 2. c4 e6 3. Nc3 b6 4. g3 Bb7 5. Bg2 Bb4 6. O-O O-O 7. Qc2 d5 8. cxd5
exd5 9. d4 Nbd7 10. Bf4 c6 11. a3 Be7 12. Rad1 Nh5 13. Bc1 f5 14. Ne5 Nxe5 15.
dxe5 Qe8 16. f4 g6 17. b4 b5 18. g4 fxg4 19. e4 Bd8 20. exd5 Bb6+ 21. Kh1 cxd5
22. Nxd5 Rc8 23. Qb3 Kh8 24. Bb2 Qe6 25. Qd3 Rc4 26. Qe2 Bd4 27. Rxd4 Rxd4 28.
Nc7 Qc4 29. Qxc4 Bxg2+ 30. Kxg2 Rxc4 31. e6+ Kg8 32. Be5 Rc2+ 33. Rf2 Nxf4+ 34.
Bxf4 Rxf2+ 35. Kxf2 Rxf4+ 36. Ke3 Rf3+ 37. Kd4 Kf8 38. Nxb5 Ke7 39. a4 Rf2 40.
Nxa7 Rxh2 41. b5 g3 42. Ke3 Ra2 0-1